Thomas Cup Winners - Statistics

General Stats
  • This quiz has been taken 58 times
    5 since last reset
  • The average score is 26 of 33
Answer Stats
Year Country % Correct
1982 China
100%
1986 China
100%
1988 China
100%
1990 China
100%
2004 China
100%
2006 China
100%
2008 China
100%
2010 China
100%
2012 China
100%
2018 China
100%
2024 China
100%
2022 India
100%
1958 Indonesia
75%
1961 Indonesia
75%
1964 Indonesia
75%
1970 Indonesia
75%
1973 Indonesia
75%
1976 Indonesia
75%
1979 Indonesia
75%
1984 Indonesia
75%
1994 Indonesia
75%
1996 Indonesia
75%
1998 Indonesia
75%
2000 Indonesia
75%
2002 Indonesia
75%
2020 Indonesia
75%
2014 Japan
75%
2016 Denmark
50%
1967 Malaysia
50%
1992 Malaysia
50%
1949 Malaya
25%
1952 Malaya
25%
1955 Malaya
25%
No matching quizzes found
Score Distribution
Percent of People with Each Score
Percentile by Number Answered
Your Score History
You have not taken this quiz since the last reset